MARC

LEADER 00000nam0a2200000 4500
001 297492
005 20231102001019.0
020 |a RU  |b 84-62221 
035 |a (RuTPU)RU\TPU\book\322625 
090 |a 297492 
100 |a 20150609d1984 m y0rusy5003 ca 
101 0 |a rus 
102 |a UA 
105 |a y j 001zy 
200 1 |a Квантовая теория поля  |e учебное пособие  |f Д. Я. Петрина 
210 |a Киев  |c Вища школа  |d 1984 
215 |a 248 с.  |c ил. 
320 |a Библиогр.: с. 241 
320 |a Предметный указатель: с. 242-244 
606 |a Квантовая теория поля  |2 stltpush  |3 (RuTPU)RU\TPU\subj\14222  |9 40678 
610 1 |a скалярные поля 
610 1 |a уравнение Клейна-Гордона-Фока 
610 1 |a спинорные поля 
610 1 |a уравнение Дирака 
610 1 |a лагранжев формализм 
610 1 |a электромагнитное поле 
610 1 |a квантование 
610 1 |a канонические соотношения 
610 1 |a функции Грина 
610 1 |a теорема Вика 
610 1 |a гамильтонианы 
610 1 |a теория возмущений 
610 1 |a матрица рассеяния 
610 1 |a квантовая электродинамика 
610 1 |a исследование 
675 |a 530.145(075.8)  |v 3 
700 1 |a Петрина  |b Д. Я.  |g Дмитрий Яковлевич 
801 0 |a RU  |b RuMRKP  |c 19950704  |g psbo 
801 1 |a RU  |b 63413507  |c 20150609 
801 2 |a RU  |b 63413507  |c 20190212  |g RCR 
942 |c BK